Hamlet ; father and son.

Bibliographic Details
Main Author: Alexander, Peter, 1893-1969
Format: Book
Language:English
Published: Oxford : Clarendon Press, 1955.
Series:Lord Northcliffe lectures in literature, University College, London ; 1953.
Subjects:

MARC

Tag First Indicator Second Indicator Subfields
LEADER 00000cam a2200000I 4500
001 in00001663757
005 20151023125539.0
008 770913s1955 enk 000 0 eng c
010 |a a 55007164  
015 |a GB55-1925 
035 |a (OCoLC)ocm03259951 
040 |a Rochester. Univ. Libr.  |c VLW  |d SER  |d UKM  |d UtOrBLW 
049 |a TXAM  |c [253166] 
082 0 4 |a 822.556385  |2 18 
090 |a PR2807  |b .A873 1955 
100 1 |a Alexander, Peter,  |d 1893-1969. 
245 1 0 |a Hamlet ;  |b father and son. 
264 1 |a Oxford :  |b Clarendon Press,  |c 1955. 
300 |a vii, 189 pages ;  |c 20 cm. 
336 |a text  |b txt  |2 rdacontent 
337 |a unmediated  |b n  |2 rdamedia 
338 |a volume  |b nc  |2 rdacarrier 
490 1 |a The Lord Northcliffe lectures, University College, London ;  |v 1953 
500 |a "Topic ... provided me by Sir Laurence Olivier's film version of 'Hamlet.'" 
600 1 0 |a Shakespeare, William,  |d 1564-1616.  |t Hamlet. 
630 0 0 |a Hamlet (Motion picture) 
830 0 |a Lord Northcliffe lectures in literature, University College, London ;  |v 1953. 
994 |a E0  |b TXA 
999 |a MARS 
999 f f |s d06218d9-04ac-323b-8efb-99a6853d7155  |i 1d744532-0020-3b2b-a689-dd6fcc743899  |t 0 
952 f f |p normal  |a Texas A&M University  |b College Station  |c Sterling C. Evans Library  |d Evans: Library Stacks  |t 0  |e PR2807 .A873 1955  |h Library of Congress classification  |i unmediated -- volume  |m A14801310015 
998 f f |a PR2807 .A873 1955  |t 0  |l Evans: Library Stacks